LEADER 00998nam0-2200361---450- 001 990008348240403321 005 20060620141231.0 010 $a88-15-10802-5 035 $a000834824 035 $aFED01000834824 035 $a(Aleph)000834824FED01 035 $a000834824 100 $a20060620d2005----km-y0itay50------ba 101 0 $aita 102 $aIT 105 $a--------001cy 200 1 $aBiblioteche e societą$fPaolo Traniello 210 $aBologna$cil Mulino$d©2005 215 $a186 p.$d21 cm 225 1 $aSaggi$v642 320 $aContiene bibl. (pp. 175-186 ) 610 0 $aBiblioteche$aRelazione con la societą 610 0 $aBiblioteche$aFunzione sociale 676 $a021.2$v21$zita 676 $a027.4$v21$zita 700 1$aTraniello,$bPaolo$f<1938- >$038988 801 0$aIT$bUNINA$gRICA$2UNIMARC 901 $aBK 912 $a990008348240403321 952 $a021.2 TRA 1$b3231$fBFS 959 $aBFS 996 $aBiblioteche e societą$9722055 997 $aUNINA